<?xml version="1.0" encoding="UTF-8"?>
<collection xmlns="http://www.loc.gov/MARC21/slim">
  <record>
    <leader>00000nam  2200000   4500</leader>
    <controlfield tag="001">INLIS000000000017394</controlfield>
    <controlfield tag="005">20240830031501</controlfield>
    <datafield tag="035" ind1="#" ind2="#">
      <subfield code="a">0010-0824000015</subfield>
    </datafield>
    <controlfield tag="007">ta</controlfield>
    <controlfield tag="008">240830################|##########|#|##</controlfield>
    <datafield tag="084" ind1="#" ind2="#">
      <subfield code="a">R 039 PKP 2023</subfield>
    </datafield>
    <datafield tag="100" ind1=" " ind2="#">
      <subfield code="a">Andrianto S. Totona</subfield>
    </datafield>
    <datafield tag="245" ind1="1" ind2="#">
      <subfield code="a">Optimalisasi Satgas Morotai Datebi Melalui Penyusunan Bisnis Proses dan SOP Layanan Kebersihan Ibu Kota Kabupaten Pulau Morotai /</subfield>
      <subfield code="c">Andrianto S. Totona</subfield>
    </datafield>
    <datafield tag="260" ind1="#" ind2="#">
      <subfield code="a">Jakarta :</subfield>
      <subfield code="b">Pusbangkom Pimnas dan Manajerial ASN,</subfield>
      <subfield code="c">2023</subfield>
    </datafield>
    <datafield tag="300" ind1="#" ind2="#">
      <subfield code="a">24 halaman ;</subfield>
      <subfield code="c">30 cm</subfield>
    </datafield>
    <datafield tag="650" ind1="#" ind2="4">
      <subfield code="a">SOP</subfield>
    </datafield>
    <datafield tag="650" ind1="#" ind2="4">
      <subfield code="a">Standard Prosedur</subfield>
    </datafield>
    <datafield tag="520" ind1="#" ind2="#">
      <subfield code="a">Satgas Morotai Datebi merupakan akronim dari Morotai Damai Tertib dan Bersih, sejak satgas beroperasi kebersihan ibu kota Kabupaten Pulau Morotai menjadi tugas dan tanggung jawab Morotai Datebi. Sungguhpun demikian tugas dan fungsi Satgas masih terdapat kendala dan tantangan, diantaranya: 1) kemampuan kelembagaan/organisasional yang terbatas; 2) wilayah kerja yang terlalu luas; 3) pembiayaan minimal. Disaat yang sama terdapat unsur kelembagaan lain diluar struktur organisasi pemerintahan daerah yang juga melaksanakan sebagian tugas yang menjadi tanggung jawab Satgas Morotai Datebi. Unsur yang dimaksud adalah pihak balai pengawasan jalan nasional PPK area morotai yang secara berkala melaksanakan tugas kebersihan namun terbatas hanya di seputaran bahu jalan nasional di area Kabupaten Pulai Morotai dalam kondisi tertentu sering terjadi overlap atau tumbang tindi pekerjaan disebabkan kurangnya koordinasi sehingga menimbulkan un efisiensi sumberdaya dan waktu.</subfield>
    </datafield>
    <datafield tag="856" ind1="#" ind2="#">
      <subfield code="a">Perpustakaan LAN Pusat</subfield>
    </datafield>
    <datafield tag="990" ind1="#" ind2="#">
      <subfield code="a">24.08.039</subfield>
    </datafield>
  </record>
</collection>
